000 00371nam a2200133Ia 4500
008 211109s9999||||xx |||||||||||||| ||und||
082 _a516
_bLAC-A
100 _aLachlan, R,
245 3 _aAn Elementry Tratise On Modren Pure Geometry
260 _bMacmillan and Co., Limited
_aKingston
_c1993
630 _xGeneral Stack
650 _aGeometry
_xMathematics
942 _cBOOK
999 _c4316
_d4316